000 00406nam a2200133Ia 4500
005 20260326100027.0
008 260326s9999||||xx |||||||||||||| ||und||
100 _aHumphrey, Caroline
245 0 _aArquitectura sagrada :
_b La expresión simbólica de lo divino en Estructuras, Formas y adornos /
_cCaroline Humphrey
260 _bEvergreen
300 _a184 p.
650 _aARQUITECTURA CIVIL
942 _cBK
999 _c6437
_d6437